00605nam a2200253Ia 4500008004000000020001800040041000800058082001500066100002900081245007300110260003700183300001300220650001000233650001500243650000800258650001300266650000700279650001300286650001100299650001300310650000900323650001100332650000800343210210b2011 xxu||||| |||| 00| 0 eng d a9788131603956 aeng a305.4 LALW aLALITHA (Vakulabharanam) aWomen religion and tradition: the cult of jogins matangis and basvis aJaipurbRawat Publicationsc2011 axiii-298 aWomen atradition: athe areligion aof amatangis ajogins aDevadasi acult abasvis aand